Papado, cruzadas y órdenes militares siglos XI-XIII
Αποθηκεύτηκε σε:
| Κύριος συγγραφέας: | |
|---|---|
| Μορφή: | Βιβλίο |
| Γλώσσα: | Ισπανικά |
| Έκδοση: |
Madrid
Cátedra
1995
|
| Σειρά: | Colección Historia. Serie Menor
|
| Θέματα: | |
| Ετικέτες: |
Προσθήκη ετικέτας
Δεν υπάρχουν, Καταχωρήστε ετικέτα πρώτοι!
|
MARC
| LEADER | 00000nam a2200000 a 4500 | ||
|---|---|---|---|
| 001 | UCO4641 | ||
| 003 | CL-VaPUC | ||
| 008 | 000811e19950000SP |||||||||||||||||spa|d | ||
| 082 | 0 | 4 | |a 940.17 |b GAR |2 21 |
| 100 | 0 | |a García-Guijarro Ramos, Luis |e author |9 449275 | |
| 245 | 1 | 0 | |a Papado, cruzadas y órdenes militares siglos XI-XIII |
| 300 | |a 314 p | ||
| 942 | |c BK | ||
| 945 | |d 20000811 00:00:00 |a rbrito | ||
| 260 | |a Madrid |b Cátedra |c 1995 | ||
| 650 | 0 | |a Edad media |9 258041 | |
| 650 | 0 | |a Iglesia Católica |9 256114 | |
| 650 | 0 | |a Cruzadas |9 319513 | |
| 650 | 0 | |a Aspectos religiosos |9 257320 | |
| 650 | 0 | |a Historia |9 255047 | |
| 650 | 7 | |a SIGLOS 11-13 |2 CL-VaPUC |9 443988 | |
| 583 | |a last modification |c 20000811 00:00:00 |k Rodrigo Vera | ||
| 490 | 0 | |a Colección Historia. Serie Menor | |
| 999 | |c 290665 |d 290663 | ||
| 952 | |0 0 |1 0 |4 0 |6 940_170000000000000_GAR_1995 |7 0 |8 A |9 340193 |a BIBHIS |b BIBHIS |d 2019-11-20 |i 3640949 |l 1 |o 940.17 GAR 1995 |p 3640949 |r 2025-01-20 |s 2024-07-19 |w 2019-11-20 |y BK |k HIS | ||